Trust in modern societies : the search for the bases of social order
Αποθηκεύτηκε σε:
| Κύριος συγγραφέας: | |
|---|---|
| Μορφή: | Βιβλίο |
| Γλώσσα: | English |
| Δημοσίευση: |
Cambridge :
Polity Press,
c1998
|
| Θέματα: | |
| Ετικέτες: |
Προσθήκη ετικέτας
Δεν υπάρχουν, Καταχωρήστε ετικέτα πρώτοι!
|
MARC
| LEADER | 00000nam a2200000 i 4500 | ||
|---|---|---|---|
| 001 | 1/72729 | ||
| 008 | 990316s1998 eng d | ||
| 020 | |a 0-7456-1634-8 | ||
| 035 | |l 10048614 | ||
| 040 | |a GR-MY-UA |b gre |e aacr | ||
| 041 | 0 | |a eng | |
| 082 | 0 | |a 301 | |
| 100 | 1 | |a Misztal, Barbara A. | |
| 245 | 1 | 0 | |a Trust in modern societies : |b the search for the bases of social order / |c Barbara A. Misztal |
| 260 | |a Cambridge : |b Polity Press, |c c1998 | ||
| 300 | |a 296 p. | ||
| 504 | |a Includes bibliographical references and index | ||
| 650 | 0 | 0 | |a Solidarity. |
| 650 | 0 | 0 | |a Trust. |
| 650 | 0 | 0 | |a Civil society. |
| 650 | 0 | 0 | |a Social contract. |
| 852 | |a INST |b LESVOS |e 19990316 |h 301 MIS |p 005100016909 |q 005100016909 |t BK |y 0 | ||
| 901 | |a BIBL-1999-1 | ||
| 909 | |a Λ |b 061540 | ||
| 922 | |a 1ΕΛΗ |b 199811 |c ΚΠΣ/ΤΚ |d ΠΑΠΑΣΩΤΗΡΙΟΥ | ||
| 950 | |a 103-1998-07-27 | ||